Jalisco : esquema económico y social /

Gespeichert in:
Bibliographische Detailangaben
Format: Buch
Sprache:Spanisch
Veröffentlicht: México : Secretaría de Educación Pública, 1958
Schlagworte:
Tags: Tag hinzufügen
Keine Tags, Fügen Sie das erste Tag hinzu!

MARC

LEADER 00000nam^a2200000^a^4500
001 000121651
005 20250521000000.0
009 20260310094434.403
037 |a Acervo ITESO - Biblioteca 
041 |a ESP 
082 |a 330. 97235  |b JAL 
245 1 0 |a Jalisco :  |b esquema económico y social / 
264 1 |a México :  |b Secretaría de Educación Pública,  |c 1958 
300 |a [60] p. 
336 |a texto  |b txt  |2 rdacontenido 
337 |a sin mediación  |b n  |2 rdamedio 
338 |a volumen  |b nc  |2 rdasoporte 
649 |a XX 
650 |a Estadística Vital -  |z Jalisco 
650 |a Estadística Vital -  |z México 
650 |a Producción Económica -  |z Jalisco 
650 |a Producción Económica -  |z México 
650 |a Desarrollo Económico-Social -  |z Jalisco -  |x Tema Principal 
650 |a Desarrollo Económico-Social -  |z México 
650 |a Economía -  |z Jalisco -  |x Historia 
650 |a Economía -  |z México -  |x Historia 
650 |a Jalisco -  |x Historia 
650 |a México -  |x Historia 
910 |a Fondo Salvador Reynoso Reynoso 
920 |a Impresos - Libros 
930 |a Fondos Especiales 
905 |a 112 
901 |a 0800006526  |b IT2  |c ESP  |u 20250521 
901 |a 0800011465  |b IT2  |c ESP  |u 20250521 
902 |a https://opac.biblio.iteso.mx/vufind/Record/000121651